[Event "2BLW 2223 SV Mülheim Nord II - SV Koble"]
[Site "?"]
[Date "2023.03.18"]
[Round "9.2"]
[White "Van Osch, Mees"]
[Black "Wiedenkeller, Michael"]
[Result "0-1"]
[WhiteElo "2350"]
[BlackElo "2430"]
[PlyCount "164"]
[EventDate "2023.??.??"]

1. e4 e5 2. Nf3 Nc6 3. Nc3 Nf6 4. Bb5 Bb4 5. O-O O-O 6. Bxc6 dxc6 7. d3 Nd7 8. Ne2 Re8 9. Kh1 Bd6 10. Nd2 Nf8 11. Nc4 Ne6 12. f4 exf4 13. Nxf4 Bxf4 14. Bxf4 Nxf4 15. Rxf4 Be6 16. b3 Bxc4 17. bxc4 Qd4 18. Rb1 b6 19. Qh5 Re7 20. Rbf1 Rf8 21. h3 Qd6 22. Rg4 Re5 23. Qh4 f6 24. Rf3 Rf7 25. Qf2 c5 26. c3 Qe7 27. Rgf4 Rf8 28. Rg3 Re6 29. Rfg4 Rf7 30. Qf5 Re5 31. Qf4 Kh8 32. d4 Re6 33. Qf5 cxd4 34. cxd4 c5 35. d5 Re5 36. Qc8+ Qe8 37. Qxe8+ Rxe8 38. Kg1 g5 39. Rf3 Kg7 40. h4 h6 41. hxg5 hxg5 42. Kf2 Rfe7 43. Re3 Kh6 44. Rf3 Kg6 45. Ra3 Rxe4 46. Rxe4 Rxe4 47. Rxa7 Rxc4 48. d6 Rd4 49. d7 Kf5 50. Rb7 Kg4 51. Ra7 Kf5 52. g4+ Ke6 53. Rb7 Rxd7 54. Rxb6+ Ke5 55. Rc6 Kf4 56. Rxf6+ Kxg4 57. Rc6 Rd2+ 58. Ke1 Rc2 59. a4 Kg3 60. a5 g4 61. Kd1 Rc4 62. Kd2 Kf3 63. Kd3 Rd4+ 64. Kc3 g3 65. Rf6+ Ke2 66. Rg6 Kf2 67. Rf6+ Kg2 68. a6 Ra4 69. Kb3 Ra5 70. Kc4 Kg1 71. Rg6 Kf2 72. Rf6+ Ke3 73. Re6+ Kf4 74. Rg6 Kf3 75. Rf6+ Ke4 76. Rg6 Kf4 77. Kd5 Kf3 78. Rf6+ Ke2 79. Re6+ Kd3 80. Rd6 g2 81. Ke5+ Ke3 82. Rg6 c4+ 0-1

[Event "2BLW 2223 SV Mülheim Nord II - SV Koble"]
[Site "?"]
[Date "2023.03.18"]
[Round "9.3"]
[White "Seul, Georg"]
[Black "Van Meegen, Ruud"]
[Result "1-0"]
[WhiteElo "2357"]
[BlackElo "2292"]
[PlyCount "89"]
[EventDate "2023.??.??"]

1. e4 c6 2. d4 d5 3. e5 c5 4. dxc5 e6 5. a3 Nc6 6. Nf3 Bxc5 7. b4 Bb6 8. Bb2 Nge7 9. Bd3 Ng6 10. b5 Na5 11. h4 h6 12. Nbd2 Bd7 13. g3 Qc7 14. Qe2 Rc8 15. h5 Ne7 16. Rh4 O-O 17. a4 a6 18. Kf1 Bc5 19. Rb1 axb5 20. axb5 Qb6 21. Kg2 Rc7 22. Bc3 Rfc8 23. Ra4 Nc4 24. Rxc4 dxc4 25. Nxc4 Qa7 26. b6 Bxb6 27. Nxb6 Rxc3 28. Nxd7 b5 29. Nf6+ gxf6 30. exf6 Nd5 31. Qe5 Qb6 32. Rxb5 Qd8 33. Rxd5 Qxd5 34. Qf4 Rxd3 35. Qg4+ Kf8 36. Qg7+ Ke8 37. Qg8+ Kd7 38. Qxf7+ Kc6 39. cxd3 Rd8 40. Qg6 Qf5 41. f7 Kd6 42. Qg7 Rc8 43. Nh4 Qd5+ 44. Kh2 Qa8 45. Ng6 1-0

[Event "2BLW 2223 SV Mülheim Nord II - SV Koble"]
[Site "?"]
[Date "2023.03.18"]
[Round "9.4"]
[White "Stillger, Bernhard"]
[Black "Fritsche, Lutz"]
[Result "0-1"]
[WhiteElo "2295"]
[BlackElo "2296"]
[PlyCount "150"]
[EventDate "2023.??.??"]

1. d4 g6 2. e4 Bg7 3. Nf3 d6 4. c3 Nf6 5. Bd3 c5 6. O-O O-O 7. Re1 Nc6 8. d5 Na5 9. h3 a6 10. c4 b5 11. cxb5 c4 12. Bc2 axb5 13. Be3 e6 14. dxe6 Bxe6 15. Nd4 Bd7 16. Nd2 Re8 17. b4 cxb3 18. axb3 d5 19. Qb1 Qc7 20. b4 Nc4 21. Rxa8 Rxa8 22. Nxc4 bxc4 23. b5 Rb8 24. Rc1 h6 25. Rd1 Bxb5 26. Nxb5 Qa5 27. exd5 Rxb5 28. Qc1 Rxd5 29. Rxd5 Nxd5 30. Bd2 c3 31. Bxh6 Bxh6 32. Qxh6 Qa1+ 33. Kh2 Qe1 34. Qg5 Qd2 35. Qd8+ Kg7 36. Bb3 Qf4+ 37. Kg1 Qc1+ 38. Kh2 Qf4+ 39. Kg1 Nf6 40. Qd1 Qe5 41. g3 Ne4 42. Qf3 Ng5 43. Qg4 Ne6 44. Qc4 Qd4 45. Qe2 Qc5 46. Bc2 Nd4 47. Qe3 Kf8 48. Bd1 Qc4 49. Qe5 c2 50. Qh8+ Ke7 51. Bxc2 Nf3+ 52. Kg2 Ne1+ 53. Kg1 Nxc2 54. Qe5+ Kd7 55. h4 Nd4 56. Qf6 Qd5 57. Qa6 Ke7 58. Qa7+ Kf8 59. Qb8+ Kg7 60. Qb2 Kh7 61. Qb6 Nf3+ 62. Kf1 Qd3+ 63. Kg2 Qe4 64. Kf1 Nd2+ 65. Kg1 Qe1+ 66. Kh2 Ne4 67. Kg2 Qe2 68. Qa7 Kg7 69. Qd4+ f6 70. Qd7+ Kh6 71. Qd4 Kh5 72. Qa7 Kg4 73. Qd7+ f5 74. Qd4 Qf3+ 75. Kg1 Kh3 0-1

[Event "2BLW 2223 SV Mülheim Nord II - SV Koble"]
[Site "?"]
[Date "2023.03.18"]
[Round "9.5"]
[White "Hammes, Michael"]
[Black "Baltic, Fatih"]
[Result "1-0"]
[WhiteElo "2344"]
[BlackElo "2271"]
[PlyCount "87"]
[EventDate "2023.??.??"]

1. d4 Nf6 2. c4 g6 3. Nc3 Bg7 4. e4 d6 5. Be2 O-O 6. Nf3 Nbd7 7. O-O e5 8. Re1 h6 9. Bf1 c6 10. d5 c5 11. a3 Nh7 12. g3 a6 13. b4 b6 14. Rb1 f5 15. Nh4 Qe8 16. exf5 gxf5 17. bxc5 bxc5 18. Qc2 e4 19. f4 Qd8 20. Nd1 Bd4+ 21. Ne3 Qa5 22. Bd2 Qxa3 23. Kh1 Ndf6 24. Bh3 Bd7 25. Nhxf5 Kh8 26. Rb3 Qa4 27. Bc3 Rae8 28. Nxd4 cxd4 29. Bxd7 Qxd7 30. Bxd4 Kg8 31. Reb1 Rf7 32. Rb6 a5 33. Ra6 Nh5 34. Rbb6 Rd8 35. Rxd6 Qxd6 36. Rxd6 Rxd6 37. Qxe4 N7f6 38. Qg6+ Rg7 39. Qb1 Rdd7 40. Nf5 Rh7 41. Qb8+ Kf7 42. Qb6 Kg6 43. Nh4+ Kg7 44. g4 1-0

[Event "2BLW 2223 SV Mülheim Nord II - SV Koble"]
[Site "?"]
[Date "2023.03.18"]
[Round "9.6"]
[White "Helmer, Christoph"]
[Black "Repplinger, Marc"]
[Result "1/2-1/2"]
[WhiteElo "2212"]
[BlackElo "2159"]
[PlyCount "125"]
[EventDate "2023.??.??"]

1. e4 e6 2. d4 d5 3. e5 c5 4. c3 Nc6 5. Nf3 Qb6 6. a3 Bd7 7. b4 cxd4 8. cxd4 Rc8 9. Bb2 Na5 10. Nbd2 Nc4 11. Bxc4 dxc4 12. Bc3 Ne7 13. Ng5 h6 14. Qh5 Ng6 15. Nge4 Nf4 16. Qg4 Nd5 17. Qg3 Nxc3 18. Qxc3 Qc6 19. O-O Be7 20. a4 O-O 21. Rfe1 Rfd8 22. b5 Qd5 23. Rab1 Be8 24. Nf3 a6 25. Qe3 axb5 26. Nc3 Qc6 27. axb5 Qb6 28. Red1 Ra8 29. h3 Ra3 30. Rdc1 Qa5 31. Nd2 Rc8 32. Nde4 Qb6 33. Rd1 Qa5 34. Rdc1 Qb6 35. Qd2 Rd8 36. d5 exd5 37. Nxd5 Qe6 38. Nxe7+ Qxe7 39. Qb4 Qxb4 40. Rxb4 Rd5 41. Nd6 Bd7 42. Nxc4 Ra2 43. Rcb1 Rc5 44. b6 Be6 45. Ne3 Rxe5 46. Rc1 Ra8 47. Rc7 Rb8 48. Kh2 Kf8 49. Rd4 Ke8 50. Rd6 h5 51. g4 hxg4 52. hxg4 Rb5 53. Kg3 Rd8 54. Rxd8+ Kxd8 55. Rxb7 Kc8 56. Rc7+ Kd8 57. f4 Rxb6 58. Ra7 Rb3 59. Kf2 g6 60. Ke2 Rb5 61. Kf3 Ke8 62. Ke4 Bxg4 63. Nxg4 1/2-1/2

[Event "2BLW 2223 SV Mülheim Nord II - SV Koble"]
[Site "?"]
[Date "2023.03.18"]
[Round "9.7"]
[White "Steinacker, Alex"]
[Black "Kahleys, Kevin"]
[Result "1-0"]
[WhiteElo "2289"]
[BlackElo "2201"]
[PlyCount "153"]
[EventDate "2023.??.??"]

1. g3 d5 2. Nf3 Nf6 3. Bg2 e6 4. O-O Be7 5. d3 O-O 6. Nbd2 c5 7. e4 Nc6 8. e5 Nd7 9. Re1 Qc7 10. Qe2 b5 11. Nf1 Bb7 12. Bf4 Rfc8 13. h4 a5 14. h5 h6 15. Ne3 Qd8 16. Ng4 Bf8 17. c4 bxc4 18. dxc4 Ba6 19. b3 Rab8 20. Rad1 dxc4 21. Bxh6 cxb3 22. Qxa6 Qb6 23. Qc4 Nd4 24. Be3 b2 25. Rb1 Qb4 26. Qxb4 Rxb4 27. Nxd4 cxd4 28. Bd2 Rbb8 29. Bxa5 Ba3 30. f4 Rb5 31. Bd2 Rc2 32. Red1 Nc5 33. Nf2 Na4 34. Be4 Rc8 35. Kf1 f5 36. exf6 gxf6 37. g4 Rbb8 38. Bd3 Bb4 39. Bxb4 Rxb4 40. a3 Rb3 41. Ke2 Nc3+ 42. Kd2 Nxb1+ 43. Rxb1 Rcc3 44. a4 Rc5 45. Bc2 Rf3 46. Nd3 Rc7 47. Rxb2 Rg3 48. Bb3 Kf7 49. Bd1 Rc3 50. Nf2 Rg2 51. Ke2 Rg1 52. Rb3 Rc7 53. a5 Ra7 54. Ra3 Ra6 55. Bc2 f5 56. gxf5 exf5 57. Bxf5 Kg7 58. Bd3 Rg3 59. Ra4 Re3+ 60. Kd2 Ra7 61. a6 Rf3 62. Ne4 Rxf4 63. Nd6 Kh6 64. Ra5 Rf6 65. Ne4 Rb6 66. Nf2 Rb2+ 67. Ke1 Re7+ 68. Kf1 Rf7 69. Bf5 Rb8 70. Ng4+ Kxh5 71. Ke2 Rxf5 72. Rxf5+ Kxg4 73. Ra5 Re8+ 74. Kd3 Kf3 75. a7 Ra8 76. Kxd4 Kf4 77. Kd5 1-0

[Event "2BLW 2223 SV Mülheim Nord II - SV Koble"]
[Site "?"]
[Date "2023.03.18"]
[Round "9.8"]
[White "Oltmanns, Jan"]
[Black "Bohn, Thomas"]
[Result "0-1"]
[WhiteElo "2155"]
[BlackElo "2306"]
[PlyCount "44"]
[EventDate "2023.??.??"]

1. e4 e6 2. d4 d5 3. Nd2 c5 4. exd5 exd5 5. dxc5 Bxc5 6. Nb3 Bb6 7. Nf3 Nf6 8. Be2 O-O 9. O-O Nc6 10. Bf4 Ne4 11. c3 Qf6 12. Bg3 Re8 13. Re1 Be6 14. Nbd4 Rad8 15. Bb5 Bd7 16. Bh4 g5 17. Rxe4 dxe4 18. Nxg5 Nxd4 19. Bxd7 Rxd7 20. cxd4 Rxd4 21. Qe2 e3 22. Qh5 Qg6 0-1

[Event "2BLW 2223 Düsseldorfer SK - SC Heimbach"]
[Site "?"]
[Date "2023.03.18"]
[Round "9.1"]
[White "Livaic, Leon"]
[Black "Agrest, Evgenij"]
[Result "1-0"]
[WhiteElo "2569"]
[BlackElo "2559"]
[PlyCount "81"]
[EventDate "2023.??.??"]

1. d4 d5 2. c4 c6 3. cxd5 cxd5 4. Nc3 Nc6 5. Nf3 Nf6 6. Bf4 Nh5 7. Bd2 Nf6 8. e3 a6 9. Ne5 g6 10. Bd3 Bg7 11. Nxc6 bxc6 12. Na4 Nd7 13. f4 O-O 14. Rc1 Bb7 15. h4 h5 16. g4 hxg4 17. Qxg4 Nf6 18. Qg5 Qd6 19. Kf2 Bc8 20. Rcg1 Bg4 21. h5 Bxh5 22. Nc5 Rfb8 23. b3 Ra7 24. Rh3 Nh7 25. Qg2 Nf6 26. Kf1 Ng4 27. Rh4 Nf6 28. f5 e5 29. fxe6 Re8 30. Be1 Rxe6 31. Bg3 Qe7 32. Nxe6 Qxe6 33. Be5 a5 34. Qg5 Kf8 35. Rf4 Qh3+ 36. Kf2 Ne8 37. Bf5 gxf5 38. Bxg7+ Kg8 39. Bf6+ Bg6 40. Rh4 Nxf6 41. Qxf6 1-0

[Event "2BLW 2223 Düsseldorfer SK - SC Heimbach"]
[Site "?"]
[Date "2023.03.18"]
[Round "9.2"]
[White "Berelowitsch, Alexander"]
[Black "Kraus, Tomas"]
[Result "1/2-1/2"]
[WhiteElo "2493"]
[BlackElo "2486"]
[PlyCount "142"]
[EventDate "2023.??.??"]

1. e4 c5 2. Nf3 Nc6 3. d4 cxd4 4. Nxd4 Nf6 5. Nc3 e6 6. Ndb5 Bb4 7. a3 Bxc3+ 8. Nxc3 d5 9. exd5 exd5 10. Bd3 O-O 11. O-O Bg4 12. f3 Bh5 13. Bg5 Qb6+ 14. Kh1 Ne4 15. Nxe4 dxe4 16. Bxe4 Qxb2 17. Qb1 Qb6 18. Qxb6 axb6 19. Rfb1 Bg6 20. Bxc6 bxc6 21. Rxb6 Bxc2 22. Rxc6 Ba4 23. Rc7 Rfc8 24. Rac1 Rxc7 25. Rxc7 h5 26. Kg1 Ra6 27. Bd2 Rd6 28. Bb4 Rc6 29. Ra7 Rc1+ 30. Kf2 Rc2+ 31. Ke3 Bb5 32. Bd2 Bf1 33. g3 Ra2 34. a4 Ra3+ 35. Kf2 Bc4 36. a5 Bd5 37. f4 Kh7 38. Rc7 h4 39. gxh4 Rh3 40. a6 Rxh4 41. a7 Rxh2+ 42. Ke3 f6 43. Rc8 Kg6 44. a8=Q Bxa8 45. Rxa8 Kf5 46. Ra5+ Kg4 47. Rd5 g5 48. fxg5 fxg5 49. Ke4 Rg2 50. Rxg5+ Kh3 51. Rd5 Kg4 52. Be3 Rg3 53. Rd8 Rg2 54. Rf8 Rg3 55. Bf2 Rg2 56. Ke3 Kh3 57. Ke2 Rg6 58. Rf4 Kg2 59. Be3 Kg3 60. Ra4 Re6 61. Rb4 Re8 62. Rb5 Re4 63. Rh5 Rg4 64. Rh1 Kg2 65. Rf1 Rg3 66. Bf4 Ra3 67. Rf2+ Kh3 68. Be3 Ra2+ 69. Bd2 Kg4 70. Rf4+ Kh5 71. Rf6 Kg4 1/2-1/2

[Event "2BLW 2223 Düsseldorfer SK - SC Heimbach"]
[Site "?"]
[Date "2023.03.18"]
[Round "9.3"]
[White "Tica, Sven"]
[Black "Orlov, Andrey"]
[Result "1/2-1/2"]
[WhiteElo "2439"]
[BlackElo "2513"]
[PlyCount "42"]
[EventDate "2023.??.??"]

1. d4 Nf6 2. c4 e6 3. g3 c5 4. d5 exd5 5. cxd5 d6 6. Nc3 g6 7. Bg2 Bg7 8. Nf3 O-O 9. O-O Re8 10. Re1 h6 11. e4 Bg4 12. Qb3 Nbd7 13. Nd2 Nb6 14. h3 Bd7 15. a4 a5 16. Nf3 g5 17. e5 dxe5 18. Rxe5 Qc7 19. Be3 Nc8 20. d6 Nxd6 21. Rxc5 Qb8 1/2-1/2

[Event "2BLW 2223 Düsseldorfer SK - SC Heimbach"]
[Site "?"]
[Date "2023.03.18"]
[Round "9.4"]
[White "Levin, Felix"]
[Black "Winterberg, Lukas"]
[Result "1-0"]
[WhiteElo "2456"]
[BlackElo "2408"]
[PlyCount "77"]
[EventDate "2023.??.??"]

1. d4 Nf6 2. Nf3 d5 3. c4 e6 4. g3 Be7 5. Bg2 O-O 6. Nc3 c6 7. O-O b6 8. b3 Nbd7 9. Qd3 a5 10. Rd1 Ba6 11. a4 dxc4 12. bxc4 Nd5 13. e3 Nc5 14. Qc2 Nb4 15. Qb1 Nd7 16. Qb3 Qc7 17. Bb2 Rfe8 18. Rac1 Rac8 19. Nb1 c5 20. Na3 cxd4 21. exd4 Qb8 22. Re1 Bb7 23. Nb5 Qa8 24. Re3 e5 25. Bh3 exd4 26. Bxd4 Nc5 27. Bxc5 Bxc5 28. Rxe8+ Rxe8 29. Nc7 Re2 30. Nxa8 Rxf2 31. Nd4 Rd2 32. Rd1 Bxd4+ 33. Kf1 Rf2+ 34. Ke1 Nc2+ 35. Qxc2 Rxc2 36. Rxd4 g6 37. Nxb6 Rxh2 38. Bf1 Rb2 39. c5 1-0

[Event "2BLW 2223 Düsseldorfer SK - SC Heimbach"]
[Site "?"]
[Date "2023.03.18"]
[Round "9.5"]
[White "Krejci, Jan"]
[Black "Jogstad, Martin"]
[Result "1/2-1/2"]
[WhiteElo "2520"]
[BlackElo "2405"]
[PlyCount "89"]
[EventDate "2023.??.??"]

1. Nf3 d5 2. e3 Nf6 3. c4 c6 4. Nc3 a6 5. h3 h6 6. Qc2 e6 7. b3 Bd6 8. d4 O-O 9. Bb2 Nbd7 10. Be2 e5 11. O-O-O e4 12. Nd2 Re8 13. g4 Nf8 14. Rdg1 Be6 15. h4 N6h7 16. Kb1 a5 17. f3 exf3 18. Bxf3 a4 19. cxd5 cxd5 20. bxa4 Be7 21. g5 hxg5 22. hxg5 Nxg5 23. Bg4 Qd7 24. Bxe6 Qxe6 25. e4 dxe4 26. d5 Qf5 27. Ncxe4 Qxd5 28. Qc3 Nfe6 29. Nxg5 Bxg5 30. Qh3 f6 31. Qh7+ Kf7 32. Qh5+ Kg8 33. Qh7+ Kf7 34. Qh5+ Ke7 35. Ba3+ Kd8 36. Nb3 Rxa4 37. Rd1 Nd4 38. Bb2 Re4 39. Qh8+ Kc7 40. Qxg7+ Kb6 41. Rh7 Re7 42. Qg6 Rxh7 43. Qxh7 Qf5+ 44. Qxf5 Nxf5 45. Bxf6 1/2-1/2

[Event "2BLW 2223 Düsseldorfer SK - SC Heimbach"]
[Site "?"]
[Date "2023.03.18"]
[Round "9.6"]
[White "De Gleria, Francesco"]
[Black "Polak, Tomas"]
[Result "1/2-1/2"]
[WhiteElo "2372"]
[BlackElo "2504"]
[PlyCount "110"]
[EventDate "2023.??.??"]

1. e4 c6 2. d4 d5 3. exd5 cxd5 4. Bd3 Nc6 5. c3 Nf6 6. Bf4 Bg4 7. Qb3 Qd7 8. Nd2 e6 9. Ngf3 Bxf3 10. Nxf3 Bd6 11. Bxd6 Qxd6 12. O-O O-O 13. Rfe1 Qc7 14. Re2 Rab8 15. a4 a6 16. Ne5 Nxe5 17. Rxe5 Ng4 18. Rh5 f5 19. Rh3 Rbe8 20. Re1 Qf4 21. Qc2 e5 22. dxe5 Nxe5 23. Rd1 Ng4 24. a5 Rf7 25. Bf1 Rfe7 26. Qd2 Qxd2 27. Rxd2 Re1 28. Rhd3 Rb1 29. Rd1 Rxb2 30. Rxd5 Nxf2 31. R1d4 Ng4 32. Rxf5 Ne3 33. Rf2 Rb1 34. Rdf4 Nxf1 35. Rxf1 Rxf1+ 36. Rxf1 Rc8 37. Rb1 Rc7 38. Kf2 h6 39. Rb3 Kf8 40. Ke3 Ke8 41. Kd4 Kd8 42. c4 Rf7 43. Kc5 Kc7 44. Rf3 Re7 45. Rf5 Kb8 46. Rf8+ Ka7 47. Rf2 Re5+ 48. Kb4 Rg5 49. g3 Rh5 50. h4 Re5 51. Rf7 g5 52. hxg5 Rxg5 53. Rh7 h5 54. Rh8 Rxg3 55. Rxh5 Rg1 1/2-1/2

[Event "2BLW 2223 Düsseldorfer SK - SC Heimbach"]
[Site "?"]
[Date "2023.03.18"]
[Round "9.7"]
[White "Ronge, Tim"]
[Black "Agrest, Inna"]
[Result "0-1"]
[WhiteElo "2278"]
[BlackElo "2273"]
[PlyCount "68"]
[EventDate "2023.??.??"]

1. Nf3 Nf6 2. b3 g6 3. Bb2 Bg7 4. g3 O-O 5. Bg2 d6 6. d4 Nbd7 7. O-O a5 8. a4 c6 9. Re1 Ne4 10. Nfd2 Nxd2 11. Nxd2 e5 12. Nc4 exd4 13. Bxd4 d5 14. Nd6 Bxd4 15. Qxd4 Qf6 16. Qxf6 Nxf6 17. c4 Rd8 18. c5 Be6 19. Rab1 b6 20. Rec1 Rab8 21. b4 axb4 22. Rxb4 bxc5 23. Rxb8 Rxb8 24. f4 c4 25. e4 Rb4 26. e5 Nd7 27. Ra1 Nc5 28. a5 Na6 29. h3 h5 30. Bf1 Kf8 31. Kf2 Ke7 32. Ra3 Rb1 33. Bg2 Rb2+ 34. Kg1 Rb3 0-1

[Event "2BLW 2223 Düsseldorfer SK - SC Heimbach"]
[Site "?"]
[Date "2023.03.18"]
[Round "9.8"]
[White "von Buenau, Heinrich"]
[Black "Puth, Dieter"]
[Result "1-0"]
[WhiteElo "2202"]
[BlackElo "2186"]
[PlyCount "87"]
[EventDate "2023.??.??"]

1. d4 Nf6 2. Nf3 g6 3. g3 Bg7 4. Bg2 O-O 5. O-O d5 6. c4 c6 7. cxd5 cxd5 8. Nc3 Ne4 9. Nxe4 dxe4 10. Ng5 Qxd4 11. Qxd4 Bxd4 12. Rd1 Nc6 13. Nxe4 Bg4 14. Bh6 Rfd8 15. Rd2 Be5 16. f3 Be6 17. Kf1 b6 18. Rc1 Nb4 19. Rcd1 Rxd2 20. Rxd2 Rc8 21. a3 Nc6 22. f4 Bg7 23. Bxg7 Kxg7 24. Ng5 Bc4 25. Kf2 Rd8 26. Rc2 h6 27. Bxc6 Bxe2 28. Kxe2 hxg5 29. fxg5 Rd4 30. h4 f6 31. gxf6+ exf6 32. Bf3 Rd7 33. Rc3 Kh6 34. Rc6 Rf7 35. Rd6 g5 36. hxg5+ Kxg5 37. Rd5+ Kh6 38. Bg4 Re7+ 39. Kf2 Rc7 40. Bf5 Rc1 41. Be4 Rc4 42. Kf3 Rc7 43. g4 Kg7 44. Bf5 1-0

[Event "2BLW 2223 SV Oberursel - SC Siegburg"]
[Site "?"]
[Date "2023.03.18"]
[Round "9.1"]
[White "Kovchan, Alexander"]
[Black "Heinz, Axel"]
[Result "1/2-1/2"]
[WhiteElo "2447"]
[BlackElo "2435"]
[PlyCount "93"]
[EventDate "2023.??.??"]

1. e4 e5 2. Nf3 Nc6 3. Bb5 a6 4. Ba4 Nf6 5. O-O b5 6. Bb3 Bc5 7. a4 Rb8 8. c3 d6 9. d4 Bb6 10. axb5 axb5 11. Na3 O-O 12. Nxb5 Bg4 13. Bc2 exd4 14. Nbxd4 Nxd4 15. cxd4 Bxf3 16. gxf3 Nh5 17. Kh1 Qf6 18. Be3 g6 19. Rg1 c5 20. Bh6 Rfc8 21. f4 cxd4 22. Bb3 Bc5 23. Bg5 Qg7 24. f5 Nf6 25. Bxf6 Qxf6 26. Qd3 Kg7 27. Rg3 Rc7 28. Rag1 Rcb7 29. Bd5 Rxb2 30. fxg6 fxg6 31. Rf3 Qh4 32. Rf7+ Kh8 33. Qf3 Rb1 34. Rf8+ Kg7 35. Rg8+ Kh6 36. Rxb8 Rxb8 37. Rg4 Qe7 38. Rf4 Rb1+ 39. Kg2 Qg5+ 40. Kh3 Rg1 41. Be6 Kg7 42. Rf7+ Kh8 43. Rf8+ Kg7 44. Rg8+ Kh6 45. Qf8+ Kh5 46. Qf3+ Kh6 47. Qf8+ 1/2-1/2

[Event "2BLW 2223 SV Oberursel - SC Siegburg"]
[Site "?"]
[Date "2023.03.18"]
[Round "9.2"]
[White "Margolin, Boris"]
[Black "Baklan, Vladimir"]
[Result "1/2-1/2"]
[WhiteElo "2383"]
[BlackElo "2546"]
[PlyCount "77"]
[EventDate "2023.??.??"]

1. e4 c5 2. Nf3 Nc6 3. Bb5 g6 4. Bxc6 bxc6 5. O-O Bg7 6. Re1 Qc7 7. c3 d6 8. h3 Nf6 9. d4 cxd4 10. cxd4 O-O 11. Nc3 Qb7 12. Re2 Rd8 13. Bf4 h6 14. Be3 a5 15. Rc1 a4 16. Qc2 Be6 17. Rd2 Rdc8 18. Qd1 Bc4 19. Rdc2 Qa6 20. Rd2 Rcb8 21. Qc2 Nd7 22. e5 dxe5 23. dxe5 Nxe5 24. Nxe5 Bxe5 25. Bxh6 Bd5 26. Re1 Bf6 27. Be3 Qc4 28. Nxd5 cxd5 29. Qxc4 dxc4 30. Bd4 Rd8 31. Red1 Bg5 32. Be3 Rxd2 33. Rxd2 Bf6 34. Rc2 Rc8 35. Kf1 Rc6 36. Ke2 Be5 37. Bd2 Bd4 38. Be3 e5 39. f4 1/2-1/2

[Event "2BLW 2223 SV Oberursel - SC Siegburg"]
[Site "?"]
[Date "2023.03.18"]
[Round "9.3"]
[White "Hoffmann, Michael"]
[Black "Dubiel, Jacek"]
[Result "1/2-1/2"]
[WhiteElo "2420"]
[BlackElo "2367"]
[PlyCount "79"]
[EventDate "2023.??.??"]

1. e4 e5 2. Nf3 Nc6 3. Bb5 a6 4. Ba4 Nf6 5. O-O Nxe4 6. d4 b5 7. Bb3 d5 8. dxe5 Be6 9. Qe2 Be7 10. Rd1 O-O 11. c4 bxc4 12. Bxc4 Bc5 13. Be3 Bxe3 14. Qxe3 Qb8 15. Bb3 Na5 16. Nbd2 Qa7 17. Nxe4 Qxe3 18. fxe3 Nxb3 19. axb3 dxe4 20. Nd4 Rfb8 21. Rdc1 Bxb3 22. Rxc7 Be6 23. Rd1 Rxb2 24. Nxe6 fxe6 25. Rdd7 Rb1+ 26. Kf2 Rb2+ 27. Kg3 Kh8 28. Rxg7 Rg8 29. Rxg8+ Kxg8 30. Rc6 a5 31. Rxe6 Re2 32. Kf4 Rxg2 33. Ra6 Rxh2 34. Rxa5 Kf7 35. Kxe4 Ke6 36. Ra6+ Ke7 37. Kd5 Rd2+ 38. Ke4 Rh2 39. Rb6 Rh1 40. Rb7+ 1/2-1/2

[Event "2BLW 2223 SV Oberursel - SC Siegburg"]
[Site "?"]
[Date "2023.03.18"]
[Round "9.4"]
[White "Stork, Oliver"]
[Black "Omelja, Artem"]
[Result "0-1"]
[WhiteElo "2369"]
[BlackElo "2435"]
[PlyCount "102"]
[EventDate "2023.??.??"]

1. c4 e6 2. Nf3 d5 3. e3 Nf6 4. b3 Bd6 5. Bb2 O-O 6. Nc3 c6 7. Be2 e5 8. cxd5 cxd5 9. Nb5 Nc6 10. Nxd6 Qxd6 11. d4 e4 12. Ne5 Nd7 13. O-O Ndxe5 14. dxe5 Nxe5 15. Rc1 Be6 16. h3 a6 17. Qd4 f6 18. Rfd1 Qd7 19. Qb6 Rfc8 20. a3 h6 21. b4 Kh7 22. Bd4 Rxc1 23. Rxc1 Nc4 24. Bxc4 dxc4 25. Bc3 Rd8 26. Qd4 Qxd4 27. Bxd4 f5 28. Kf1 g5 29. Ke2 Kg6 30. Rd1 f4 31. Rd2 f3+ 32. gxf3 exf3+ 33. Kxf3 Bxh3 34. Kg3 Bf5 35. a4 h5 36. f3 h4+ 37. Kg2 Bd3 38. Rb2 Kh5 39. b5 g4 40. fxg4+ Kxg4 41. bxa6 bxa6 42. Kh2 Rf8 43. Rg2+ Kf3 44. Rg7 Bf5 45. a5 h3 46. Ra7 Rg8 47. Rxa6 Rg2+ 48. Kh1 Be4 49. Rf6+ Ke2 50. Rf4 Kd3 51. a6 Ra2+ 0-1

[Event "2BLW 2223 SV Oberursel - SC Siegburg"]
[Site "?"]
[Date "2023.03.18"]
[Round "9.5"]
[White "Zavgorodniy, Sergiy"]
[Black "Weber, Samuel"]
[Result "1-0"]
[WhiteElo "2415"]
[BlackElo "2259"]
[PlyCount "49"]
[EventDate "2023.??.??"]

1. e4 e6 2. d3 d5 3. Qe2 dxe4 4. dxe4 e5 5. Nf3 Nd7 6. g3 a5 7. Bg2 b6 8. O-O Ba6 9. c4 Bd6 10. Nc3 c6 11. Rd1 Qe7 12. Nh4 g6 13. Be3 Nc5 14. Rd2 Bc8 15. Qd1 Bc7 16. Na4 Nxa4 17. Qxa4 Bd7 18. Bh3 f5 19. exf5 g5 20. f6 Nxf6 21. Bxd7+ Nxd7 22. Qxc6 O-O-O 23. Nf5 Qf6 24. Nd6+ Kb8 25. Qb7# 1-0

[Event "2BLW 2223 SV Oberursel - SC Siegburg"]
[Site "?"]
[Date "2023.03.18"]
[Round "9.6"]
[White "Schlamp, Robert"]
[Black "Roshka, Yevgeniy"]
[Result "0-1"]
[WhiteElo "2288"]
[BlackElo "2504"]
[PlyCount "100"]
[EventDate "2023.??.??"]

1. d4 g6 2. e4 Bg7 3. Nf3 d6 4. Be2 Nc6 5. d5 Nb8 6. O-O Nf6 7. Nc3 O-O 8. Bg5 h6 9. Be3 e5 10. dxe6 Bxe6 11. Nd4 Bd7 12. Qd2 Kh7 13. f4 Nc6 14. Rae1 Re8 15. Bf3 Na5 16. Qd3 Bg4 17. h3 Bxf3 18. Nxf3 a6 19. Bd2 b5 20. b3 Nb7 21. b4 c6 22. f5 Nd7 23. Kh1 a5 24. a3 axb4 25. axb4 Ne5 26. Nxe5 dxe5 27. fxg6+ fxg6 28. Qe3 Nd6 29. Bc1 Nc4 30. Qg3 Qe7 31. h4 Rf8 32. h5 g5 33. Qg4 Qxb4 34. Ne2 Qe7 35. Ng3 Nd6 36. Be3 Nc4 37. Nf5 Qe6 38. Bc5 Rf6 39. Ra1 Rxa1 40. Rxa1 Rf7 41. Ra8 Nd2 42. Qe2 Nxe4 43. Qxe4 Qxf5 44. Qxc6 g4 45. Qe8 Qxh5+ 46. Kg1 Qf5 47. Qg8+ Kg6 48. Ra6+ Kh5 49. Qe8 Qf1+ 50. Kh2 g3+ 0-1

[Event "2BLW 2223 SV Oberursel - SC Siegburg"]
[Site "?"]
[Date "2023.03.18"]
[Round "9.7"]
[White "Albrecht, Oliver"]
[Black "Yavorovsky, Valeriy"]
[Result "1/2-1/2"]
[WhiteElo "2158"]
[BlackElo "2347"]
[PlyCount "70"]
[EventDate "2023.??.??"]

1. Nf3 d5 2. d4 Nf6 3. c4 e6 4. g3 Be7 5. Bg2 O-O 6. O-O c6 7. Qc2 b6 8. Nbd2 Bb7 9. e4 Nbd7 10. e5 Ne8 11. cxd5 cxd5 12. Re1 Rc8 13. Qa4 a6 14. Nf1 Nb8 15. h4 Nc6 16. Bg5 h6 17. Bxe7 Qxe7 18. Ne3 Nc7 19. Qd1 a5 20. Rc1 Nb8 21. Qd2 Ba6 22. Rc2 Na8 23. Rec1 Qd7 24. Ng4 Qe7 25. Bh3 Rfd8 26. Rxc8 Rxc8 27. Rxc8+ Bxc8 28. Bf1 Ba6 29. Bxa6 Nxa6 30. Nxh6+ gxh6 31. Qxh6 Qf8 32. Qg5+ Qg7 33. Qd8+ Qf8 34. Qg5+ Qg7 35. Qd8+ Qf8 1/2-1/2

[Event "2BLW 2223 SV Oberursel - SC Siegburg"]
[Site "?"]
[Date "2023.03.18"]
[Round "9.8"]
[White "Dolzhykova, Kateryna"]
[Black "Dzierzenga, Stefan"]
[Result "1-0"]
[WhiteElo "2315"]
[BlackElo "2194"]
[PlyCount "81"]
[EventDate "2023.??.??"]

1. e4 e6 2. d3 d5 3. Nd2 Nf6 4. Ngf3 a5 5. g3 a4 6. Bg2 a3 7. O-O axb2 8. Bxb2 Ba3 9. Qc1 Bxb2 10. Qxb2 O-O 11. e5 Nfd7 12. c4 Nb6 13. c5 N6d7 14. Rfc1 Nc6 15. d4 f6 16. Bh3 Qe8 17. exf6 Rxf6 18. Re1 Nf8 19. Re3 h6 20. Rae1 Qh5 21. Bf1 Qf7 22. Ra3 Rxa3 23. Qxa3 Nd7 24. h4 Qf8 25. Bh3 Ndb8 26. h5 Na6 27. Bg4 Qf7 28. Re2 Qf8 29. Qe3 Bd7 30. Nh4 Nab8 31. Ndf3 Bc8 32. Ng6 Qe8 33. Nf4 Qd8 34. Nxe6 Bxe6 35. Bxe6+ Kh8 36. Nh4 Ne7 37. Bxd5 Qxd5 38. Qxe7 Qxd4 39. Qe8+ Kh7 40. Qg6+ Kg8 41. Re8+ 1-0

[Event "2BLW 2223 SF Neuberg - SG Solingen II"]
[Site "?"]
[Date "2023.03.18"]
[Round "9.1"]
[White "Krastev, Alexander"]
[Black "Lubbe, Nikolas"]
[Result "1-0"]
[WhiteElo "2397"]
[BlackElo "2498"]
[PlyCount "95"]
[EventDate "2023.??.??"]

1. e4 c5 2. Nf3 e6 3. g3 Nc6 4. Bg2 g5 5. O-O g4 6. Ne1 h5 7. c3 b6 8. a4 Nge7 9. Na3 Bg7 10. f3 h4 11. fxg4 d5 12. gxh4 Rxh4 13. d4 cxd4 14. Bg5 Rh8 15. Nb5 dxe4 16. Bxe4 Bb7 17. Bf4 e5 18. Bg5 a6 19. Qf3 f6 20. Bxf6 Rf8 21. g5 Bxf6 22. Qh5+ Kd7 23. Qh3+ Ke8 24. Qh5+ Kd7 25. Qh3+ Ke8 26. gxf6 axb5 27. f7+ Rxf7 28. Qh5 Kd7 29. Rxf7 Qg8+ 30. Ng2 Rxa4 31. Rxa4 bxa4 32. cxd4 exd4 33. Qd5+ Ke8 34. Rxe7+ Nxe7 35. Qb5+ Kf8 36. Bxb7 Qg6 37. Qe2 Ke8 38. Be4 Qg5 39. Bc6+ Kd8 40. Bxa4 Qc1+ 41. Qf1 Qc5 42. Qb5 Kc7 43. Qxc5+ bxc5 44. Bb5 Kb6 45. Bc4 Ka5 46. Nf4 Kb4 47. b3 Kc3 48. h4 1-0